The code of criminal procedure,1973(actno. 2 of 1974) (Record no. 65612)
[ view plain ]
| 000 -LEADER | |
|---|---|
| fixed length control field | 00446nam a2200157Ia 4500 |
| 001 - CONTROL NUMBER | |
| control field | 64512 |
| 008 - FIXED-LENGTH DATA ELEMENTS--GENERAL INFORMATION | |
| fixed length control field | 210326n2017 ii |||gr||||Z||||||465 |
| 082 ## - DEWEY DECIMAL CLASSIFICATION NUMBER | |
| Classification number | 345.08 |
| 100 ## - MAIN ENTRY--PERSONAL NAME | |
| Personal name | Sarkar,SC, |
| Relator term | Author. |
| 245 #0 - TITLE STATEMENT | |
| Title | The code of criminal procedure,1973(actno. 2 of 1974) |
| Statement of responsibility, etc. | SC Sarkar |
| Medium | Textual Documents |
| 250 ## - EDITION STATEMENT | |
| Edition statement | 4th. |
| 260 ## - PUBLICATION, DISTRIBUTION, ETC. | |
| Place of publication, distribution, etc. | Allahabad |
| Name of publisher, distributor, etc. | Dwivedi Law Agency |
| Date of publication, distribution, etc. | 2017 |
| 300 ## - PHYSICAL DESCRIPTION | |
| Extent | 1657p.: |
| Dimensions | 24cm. |
| 653 ## - INDEX TERM--UNCONTROLLED | |
| Uncontrolled term | Criminal procedure |
| 942 ## - ADDED ENTRY ELEMENTS (KOHA) | |
| Source of classification or shelving scheme | Dewey Decimal Classification |
| Koha item type | Books |
| Withdrawn status | Lost status | Damaged status | Not for loan | Collection | Home library | Current library | Shelving location | Date acquired | Source of acquisition | Coded location qualifier | Cost, normal purchase price | Total checkouts | Full call number | Barcode | Date last seen | Copy number | Price effective from | Koha item type | Public note |
|---|---|---|---|---|---|---|---|---|---|---|---|---|---|---|---|---|---|---|---|
| Dr. Suryya Kumar Bhuyan Library | Dr. Suryya Kumar Bhuyan Library | 26/03/2021 | LW | 00000 | 2495.00 | 345.08 Sa74Co | 2306/cu/law | 14/01/2024 | 1 | 26/03/2021 | Books | LW |
